| 000 | 00537nam a2200205Ia 4500 | ||
|---|---|---|---|
| 003 | OSt | ||
| 005 | 20250204153911.0 | ||
| 008 | 231217s9999 xx 000 0 und d | ||
| 020 | _a9780080982410 | ||
| 040 | _c0 | ||
| 041 | _aEnglish | ||
| 082 | _a532.546 LEM;1 R | ||
| 100 | _aLemos, Marcelo J.S. de. | ||
| 245 | 0 | _aTurbulence in porous media: modeling and applications | |
| 250 | _a2nd ed. | ||
| 260 |
_c2012 _bElsevier _aLondan |
||
| 300 | _axxxviii, 371 | ||
| 650 | _aTurbulence,porous,media:,modeling | ||
| 942 |
_cAA _2ddc |
||
| 999 |
_c196698 _d196698 |
||